00412nam a2200145Ia 450000500170000000800410001704100080005808200150006610000190008124500820010026000380018230000090022065000220022970000150025120250729165340.0250729s2004 xx 000 0 und d aeng a371.4 RAOC aSrivastava A K aA Hand Book for Teachers : Research in Technology of scology and enviournment aNew DelhibA P H Publishingc2004 a400p aVocation Guidence aRanjan R K